000 01751pam a2200313 i 4500
001 3292553
005 20240515064508.0
008 210915s2022 nyu 000 1 eng
020 _a9781250273208
040 _aDLC
_beng
_erda
_cDLC
_dTnLvILS
082 0 0 _aF Hendricks
092 _aF Hendricks
100 1 _aHendricks, Greer,
_eauthor.
_95810926
245 1 4 _aThe golden couple /
_cGreer Hendricks and Sarah Pekkanen.
250 _aFirst edition.
264 1 _aNew York :
_bSt. Martin's Press,
_c2022.
300 _a329 pages ;
_c24 cm
336 _atext
337 _aunmediated
338 _avolume
520 _a"If Avery Chambers can't fix you in 10 sessions, she won't take you on as a client. Her successes are phenomenal--she helps people overcome everything from domineering parents to assault--and almost absorb the emptiness she sometimes feels since her husband's death. Marissa and Mathew Bishop seem like the golden couple--until Marissa cheats. She wants to repair things, both because she loves her husband and for the sake of their 8-year-old son. After a friend forwards an article about Avery, Marissa takes a chance on this maverick therapist, who [ultimately] lost her license due to controversial methods. When the Bishops glide through Avery's door and Marissa reveals her infidelity, all three are set on a collision course"--
650 0 _aCouples therapy
_vFiction.
_96453081
650 0 _aMan-woman relationships
_vFiction.
_95674079
650 0 _aAdultery
_vFiction.
_95690922
650 7 _aFICTION / Thrillers / Domestic.
_2bisacsh
_95804452
650 7 _aFICTION / Women.
_2bisacsh
_95739043
700 1 _aPekkanen, Sarah,
_eauthor.
_95810927
942 _2ddc
_cBOOK
999 _c376363
_d376363